Revision of the nearctic moth genus Abagrotis Smith with descriptions of new species (Lepidoptera: Noctuidae).

Bibliographic Details
Main Author: Buckett, John S.
Format: Book
Language:English
Published: Sacramento : Bureau of Entomology, [1968-]
Series:Occasional papers (California. Bureau of Entomology) ; no. 12.
Occasional papers (California. Bureau of Entomology) ; no.14-17.
Subjects:

MARC

Tag First Indicator Second Indicator Subfields
LEADER 00000cam a2200000I 4500
001 in00002103513
005 20151103052059.0
008 750313s1968 cau 000 0 eng d
035 |a (OCoLC)ocm01214099 
040 |a NYG  |c NYG  |d TXA  |d UtOrBLW 
049 |a TXAM 
050 4 |a QL561.N7  |b B83 1968 
092 |a 595.78  |b B922, 73-6087 
100 1 |a Buckett, John S. 
245 1 0 |a Revision of the nearctic moth genus Abagrotis Smith with descriptions of new species (Lepidoptera: Noctuidae). 
264 1 |a Sacramento :  |b Bureau of Entomology,  |c [1968-] 
300 |a 5 parts :  |b illustrations ;  |c 23 cm. 
336 |a text  |b txt  |2 rdacontent 
337 |a unmediated  |b n  |2 rdamedia 
338 |a volume  |b nc  |2 rdacarrier 
490 1 |a California. Bureau of Entomology. Occasional papers,  |v no. 12, 14 
500 |a Cover title. 
504 |a Includes bibliography. 
650 0 |a Noctuidae. 
650 0 |a Lepidoptera. 
830 0 |a Occasional papers (California. Bureau of Entomology) ;  |v no. 12. 
830 0 |a Occasional papers (California. Bureau of Entomology) ;  |v no.14-17. 
994 |a C0  |b TXA 
948 |a cataloged  |b h  |c 2006/3/9  |d c  |e bhartsfi  |f 1:54:15 pm 
999 |a MARS 
999 f f |s 5148dae5-c53c-3b2a-838a-4bd54cab510d  |i 1151e5ef-dfa1-36de-ac96-c0002c28271c  |t 0 
952 f f |p ric  |a Texas A&M University  |b Rellis Campus  |c Joint Library Facility  |d Remote Storage  |t 0  |e QL561.N7 B83 1968  |h Library of Congress classification  |i unmediated -- volume  |k pt.5  |m A14833585816 
952 f f |p ric  |a Texas A&M University  |b Rellis Campus  |c Joint Library Facility  |d Remote Storage  |t 0  |e QL561.N7 B83 1968  |h Library of Congress classification  |i unmediated -- volume  |k pt.1  |m A14833585612 
952 f f |p ric  |a Texas A&M University  |b Rellis Campus  |c Joint Library Facility  |d Remote Storage  |t 0  |e QL561.N7 B83 1968  |h Library of Congress classification  |i unmediated -- volume  |k pt.2  |m A14833585696 
952 f f |p ric  |a Texas A&M University  |b Rellis Campus  |c Joint Library Facility  |d Remote Storage  |t 0  |e QL561.N7 B83 1968  |h Library of Congress classification  |i unmediated -- volume  |k pt.4  |m A14833585777 
952 f f |p ric  |a Texas A&M University  |b Rellis Campus  |c Joint Library Facility  |d Remote Storage  |t 0  |e QL561.N7 B83 1968  |h Library of Congress classification  |i unmediated -- volume  |k pt.3  |m A14833585735 
998 f f |a QL561.N7 B83 1968  |s pt.1-5  |t 0  |l Remote Storage